'Z' border challenge Quiz Stats

Quiz not verified by Sporcle

Challenge
Share
Tweet
Score 0/12 Timer 01:30
0 Plays Today
% Correct
South Africa
98.9%
DR congo
97.8%
Mozambique
97.8%
Mozambique
97.8%
Botswana
95.5%
Tanzania
95.5%
Botswana
95.5%
Angola
94.4%
Namibia
92.1%
Zimbabwe
92.1%
Malawi
89.9%
Zambia
89.9%

You're not logged in!

Compare scores with friends on all Sporcle quizzes.
Join for Free
OR
Log In

You Might Also Like...

Show Comments

Extras

Top Quizzes Today


Score Distribution

Your Account Isn't Verified!

In order to create a playlist on Sporcle, you need to verify the email address you used during registration. Go to your Sporcle Settings to finish the process.

Report this User

Report this user for behavior that violates our Community Guidelines.

Details: